Pierre Vilar i Catalunya : l'ofici d’historiador com a compromís : [cartes inèdites de Pierre Vilar (1927-1931)] / l'ofici d’historiador com a compromís : [cartes inèdites de Pierre Vilar (1927-1931)] /
ISBN:
9788410393486
Descripción Física:
129 pàgines ; 22 cm
Colección:
Col·lecció Memòries
; 10
Materias:
Vilar, Pierre, -- 1906-2003 -- Crítica i interpretació
; Vilar, Pierre, -- 1906-2003 -- Epistolaris
; Vilar, Pierre, -- 1906-2003.
; Historiadors -- França -- S. XX -- Biografia
Idioma:
Catalán , French
MARC
| LEADER | 00000pam a2200000 i 4500 | ||
|---|---|---|---|
| 001 | 28966 | ||
| 003 | AGDB | ||
| 005 | 20260324181534.0 | ||
| 008 | 250221e202504 spc f b|||o000 0dcat| | ||
| 015 | |a LL2025 |2 bnc | ||
| 017 | |a B 5467-2025 |b Biblioteca de Catalunya | ||
| 020 | |a 9788410393486 | ||
| 040 | |a ES-BaBC |b cat |e rda |c ES-BaBC |d ES-BaBPC | ||
| 041 | 1 | |a cat |h fre | |
| 080 | |a 929Vilar, Pierre |x (044) |2 2004 | ||
| 080 | |a 1Vilar, Pierre |2 2004 | ||
| 245 | 0 | 0 | |a Pierre Vilar i Catalunya : |b l'ofici d’historiador com a compromís : [cartes inèdites de Pierre Vilar (1927-1931)] / |c Rosa Congost i Enric Pujol |
| 246 | 1 | 0 | |a Ofici d’historiador com a compromís |
| 246 | 1 | 0 | |a Cartes inèdites de Pierre Vilar (1927-1931) |
| 250 | |a Primera edició: abril 2025 | ||
| 264 | 1 | |a [Barcelona] : |b Generalitat de Catalunya, Memorial Democràtic ; |c 2025 | |
| 300 | |a 129 pàgines ; |c 22 cm | ||
| 336 | |a text |b txt |2 rdacontent | ||
| 337 | |a sense mediació |b n |2 rdamedia | ||
| 338 | |a volum |b nc |2 rdacarrier | ||
| 490 | |a Col·lecció Memòries ; |v 10 | ||
| 504 | |a Inclou referències bibliogràfiques. | ||
| 505 | 8 | |a Conté: |t El paper de Catalunya en el procés de formació de Pierre Vilar com a historiador : algunes reflexions / |r Rosa Congost -- |t Transcripció i traducció de 21 cartes escrites per Pierre Vilar a la seva tia Rose i a la seva germana Marie des de Barcelona i Madrid (1927‑1931) / |r Rosa Congost (edició crítica) -- |t Vigència de Pierre Vilar : de la utilitat de les commemoracions / |r Enric Pujol | |
| 600 | 1 | 7 | |a Vilar, Pierre, |d 1906-2003 |x Crítica i interpretació |2 lemac |9 72356 |
| 600 | 1 | 0 | |a Vilar, Pierre, |d 1906-2003 |x Epistolaris |9 72357 |
| 600 | 1 | 7 | |a Vilar, Pierre, |d 1906-2003. |2 cantic |9 24179 |
| 650 | 0 | |a Historiadors |z França |y S. XX |v Biografia |9 72358 | |
| 700 | 1 | 2 | |a Congost, Rosa, |d 1957- |9 72359 |
| 700 | 1 | 2 | |a Pujol, Enric, |d 1960- |9 35250 |
| 700 | 1 | 2 | |a Vilar, Pierre, |d 1906-2003 |9 24179 |
| 710 | 2 | |a Memorial Democràtic (Catalunya), |e entitat editora |9 52410 | |
| 940 | |a Arxiu | ||
| 942 | |2 udc |c MON |n 1 | ||
| 952 | |0 0 |1 0 |4 0 |6 BIB1352 |7 1 |9 98322 |a Arxiu |b Arxiu |d 2025-07-28 |l 0 |o Bib-1352 |p 28966 |r 2025-07-28 10:38:48 |w 2025-07-28 |y ARXIU | ||
| 999 | |c 130082 |d 130082 | ||